Visualizzazione normale
Vista MARC
- Di Diodato Roberto
di Personal Name
Records bibliografici associati: 1
001 - CONTROL NUMBER
- control field: 36488
003 - CONTROL NUMBER IDENTIFIER
- control field: IT-RoPau
005 - DATE AND TIME OF LATEST TRANSACTION
- control field: 20151125144220.0
008 - FIXED-LENGTH DATA ELEMENTS
- fixed length control field: 151125|| aca||aabn | a|a d
040 ## - CATALOGING SOURCE
- Original cataloging agency: IT-RoPau
- Transcribing agency: IT-RoPau
100 ## - HEADING--PERSONAL NAME
- Personal name: Di Diodato Roberto
- Relator term: (regista)
- Miscellaneous information: Codice regista SPICS: 55765
670 ## - SOURCE DATA FOUND
- Source citation: Work cat.: (IT-RoPau)104577: Di Diodato Roberto Codice regista SPICS: 55765 36484, CAMMINO DI DIO CON L'UOMO (IL) - IL TEMPO DEI GIUDICI CAMMINO DI DIO CON L'UOMO (IL) - IL TEMPO DEI GIUDICI (Rif. Codice opera principale : H4116)